<?xml version="1.0" encoding="UTF-8"?>
<marc:record xmlns:marc="http://www.loc.gov/MARC21/slim">
   <marc:leader>00000nam a2200000 a 4500</marc:leader>
   <marc:datafield ind1="1" ind2=" " tag="100">
      <marc:subfield code="a">Schweighöfer, Kerstin</marc:subfield>
      <marc:subfield code="4">ctb</marc:subfield>
      <marc:subfield code="e">Mitwirkende/-r</marc:subfield>
   </marc:datafield>
   <marc:datafield ind1=" " ind2=" " tag="653">
      <marc:subfield code="a">Antwerpen</marc:subfield>
   </marc:datafield>
   <marc:datafield ind1=" " ind2=" " tag="653">
      <marc:subfield code="a">Brügge</marc:subfield>
   </marc:datafield>
   <marc:datafield ind1=" " ind2=" " tag="653">
      <marc:subfield code="a">Gent</marc:subfield>
   </marc:datafield>
   <marc:datafield ind1=" " ind2=" " tag="653">
      <marc:subfield code="a">Belgien</marc:subfield>
   </marc:datafield>
   <marc:datafield ind1=" " ind2=" " tag="653">
      <marc:subfield code="a">Flandern</marc:subfield>
   </marc:datafield>
   <marc:datafield ind1=" " ind2=" " tag="653">
      <marc:subfield code="a">Softcover / Reiseführer/Europa</marc:subfield>
   </marc:datafield>
   <marc:datafield ind1=" " ind2=" " tag="653">
      <marc:subfield code="a">Führer</marc:subfield>
   </marc:datafield>
   <marc:datafield ind1="0" ind2="0" tag="245">
      <marc:subfield code="a">Antwerpen, Brügge, Gent</marc:subfield>
   </marc:datafield>
   <marc:datafield ind1="0" ind2="0" tag="245">
      <marc:subfield code="b">mit Extra-Karte</marc:subfield>
   </marc:datafield>
   <marc:datafield ind1="0" ind2="0" tag="245">
      <marc:subfield code="c">Kerstin Schweighöfer</marc:subfield>
   </marc:datafield>
   <marc:datafield ind1=" " ind2="1" tag="264">
      <marc:subfield code="a">München</marc:subfield>
      <marc:subfield code="b">Travel-House-Media</marc:subfield>
      <marc:subfield code="c">2015</marc:subfield>
   </marc:datafield>
   <marc:datafield ind1="1" ind2=" " tag="490">
      <marc:subfield code="a">Merian live!</marc:subfield>
   </marc:datafield>
   <marc:datafield ind1=" " ind2=" " tag="250">
      <marc:subfield code="a">1. Aufl.</marc:subfield>
   </marc:datafield>
   <marc:datafield ind1="1" ind2=" " tag="520">
      <marc:subfield code="a">Angaben aus der Verlagsmeldung

Antwerpen, Brügge, Gent : MERIAN live! - Mit Extra-Karte zum Herausnehmen / von Kerstin Schweighöfer

Die Distanzen sind klein, die Highlights zahlreich und die Gegend flach: dIe drei faszinierenden flämischen Städte ließen sich sogar mit dem Rad er-fahren. Knapp 50 Kilometer trennen Antwerpen von Gent, genauso weit ist das verträumte Brügge! Welches Schönheitsideal man auch hat: Antwerpen steht für Rubens und für die Modedesigner der Königlichen Akademie. In Gent findet man ein zauberhaftes historisches Zentrum mit viel aktueller Kultur, Design und Musik - auf keinen Fall auslassen!

Kompakt und übersichtlich bietet MERIAN live! alles Wissenswerte für einen gelungenen Aufenthalt in Antwerp, Brueg und Gent:
- MERIAN-TopTen: Die 10 wichtigsten Sehenswürdigkeiten auf einen Blick
- MERIAN-TopTen 360°: Umgebungskarten mit ausgewählten MERIAN-TopTen und umliegenden Kultur-,
Restaurant- und Shoppingadressen
- Mit 10 MERIAN-Tipps die weniger bekannten Seiten der Stadt entdecken
- FotoTipps für lohnenswerte Motive
- Fundierte Beschreibungen aller wichtigen Orte, Sehenswürdigkeiten und Museen von A bis Z
- Empfehlungen für Übernachten, Essen und Trinken, Einkaufen, Ausgehen sowie Tipps für den
umweltbewussten Urlaub
- Zahlreiche Ideen für abwechslungsreiches Reisen mit Kindern
- Mit praktischer Extra-Karte zum Herausnehmen
</marc:subfield>
   </marc:datafield>
   <marc:datafield ind1=" " ind2=" " tag="020">
      <marc:subfield code="a">9783834219428</marc:subfield>
      <marc:subfield code="9">9783834219428</marc:subfield>
   </marc:datafield>
   <marc:datafield ind1=" " ind2=" " tag="020">
      <marc:subfield code="a">3834219428</marc:subfield>
      <marc:subfield code="9">3834219428</marc:subfield>
   </marc:datafield>
   <marc:datafield ind1=" " ind2=" " tag="041">
      <marc:subfield code="a">ger</marc:subfield>
   </marc:datafield>
   <marc:datafield ind1=" " ind2=" " tag="300">
      <marc:subfield code="a">128 S.</marc:subfield>
   </marc:datafield>
</marc:record>
